| 000 | 00583nam a2200205Ia 4500 | ||
|---|---|---|---|
| 005 | 20250326140547.0 | ||
| 008 | 250326s9999 xx 000 0 und d | ||
| 020 | _a0-566-08058-3 | ||
| 037 | _aTextbook | ||
| 040 |
_aFMSL _beng _cFMSL |
||
| 041 |
_aeng _2eng |
||
| 084 |
_aSNIobX:8 N9 _qFMSL |
||
| 100 |
_aDixon cy M _9742570 |
||
| 245 | 0 |
_aOrganizational learning cycle: How can we learn collectively _cDixon cy M |
|
| 250 | _aEd 2 | ||
| 260 |
_aEngland _bEngland, Gower _c1999 |
||
| 300 | _axxiv,240 | ||
| 942 |
_cTB _hSNIobX:8 N9 |
||
| 999 |
_c1286313 _d1286313 |
||